| 000 | 01396nam a22002177a 4500 | ||
|---|---|---|---|
| 999 |
_c60125 _d60125 |
||
| 003 | Ge_BSU | ||
| 005 | 20230612100233.0 | ||
| 008 | 230612s2004 ge ||||| |||| 00| 0 geo d | ||
| 020 | _a9994000128 | ||
| 041 | _ageo | ||
| 080 | _a902.2(479.221.11) ო-71 | ||
| 100 |
_aორჯონიკიძე, ა. _918616 |
||
| 245 |
_aმტკვარ-არაქსის კულტურის განვითარების ძირითადი საფეხურები აღმოსავლეთ საქართველოში / _c ა. ორჯონიკიძე; [რედ.: ბ. მაისურაძე] ; საქ. მეცნ. აკად., არქეოლ. კვლევის ცენტრი. |
||
| 300 |
_a202გვ. : _bილ. ; _c20სმ. |
||
| 504 | _aბიბლიოგრ. ტექსტის შენიშვნ. ბიბლიოგრ.: გვ. 189-201. | ||
| 653 | _aარქეოლოგიური გათხრები აღმოსავლეთ საქართველოში | ||
| 653 | _aმტკვარ-არაქსის კულტურა | ||
| 700 |
_aმაისურაზე, ბ. _eრედაქტორი _918617 |
||
| 710 |
_aსაქ. მეცნ. აკადემია _bარქეოლ. კვლევის ცენტრი. _918618 |
||
| 942 |
_2udc _cBK |
||